[Event "GER-ch 72nd"]
[Site "Heringsdorf"]
[Date "2000.11.17"]
[Round "1"]
[White "Slobodjan, Roman"]
[Black "Senff, Martin"]
[Result "1-0"]
[WhiteElo "2539"]
[BlackElo "2354"]
[Annotator "Tsesarsky,I"]
[PlyCount "69"]
[EventDate "2000.11.17"]
[EventType "swiss"]
[EventRounds "9"]
[EventCountry "GER"]
[SourceTitle "CBM 080"]
[Source "ChessBase"]
[SourceDate "2001.01.25"]
[SourceVersion "1"]
[SourceVersionDate "2001.01.25"]
[SourceQuality "1"]

1. c4 e6 2. Nf3 d5 3. d4 c6 4. e3 Nf6 5. Nbd2 Nbd7 6. Bd3 b6 {The main
disadvantage of this variation is space advantage of White after e3-e4
promotion. In other hand, Black recieves stable position without weaknesses.} (
{mainlines are} 6... Bd6) (6... Be7) 7. O-O Bb7 8. e4 (8. Re1 $143 Be7 9. e4
dxe4 10. Nxe4 O-O 11. Qe2 c5 12. Neg5 cxd4 13. Nxd4 (13. Nxe6 $4 Bxf3 $1 14.
Qxf3 fxe6 15. Bc2 e5 $19 {0-1 Vaganian,R-Georgievski,V/Skopje 1976/ (35)})
13... Nc5 {[%csl Rd3,Rd4]} 14. Rd1 Nxd3 $11) (8. b3 $143 g6 9. Qe2 Bg7 10. Ba3
c5 11. Rac1 Rc8 12. cxd5 exd5 13. Ba6 Bxa6 14. Qxa6 O-O $132 {0-1 Haba,
P-Blatny,P/Brno 1994/ (77)}) 8... dxe4 9. Nxe4 Be7 (9... Nxe4 10. Bxe4 Be7 11.
Qe2 O-O 12. Rd1 Qc7 13. Bc2 Rad8 14. Qd3 Nf6 15. Bg5 g6 16. Qc3 $14 {0-1
Mancini,M-Relange,E/Cappelle ,EXT 1995 (44)}) (9... c5 10. Nxf6+ (10. d5 exd5
11. Nxf6+ Nxf6 12. cxd5 Be7 (12... a6 {[%csl Gb5]} 13. Re1+ Be7 14. Bxa6 Rxa6
15. d6 Bxf3 16. gxf3 Ra7 17. Bg5 O-O 18. Rxe7 Rxe7 19. Bxf6 Re1+ 20. Qxe1 Qxf6
$11) 13. Bb5+ Kf8 14. Bc6 Bxc6 15. dxc6 Qc7 16. Qa4 Rc8 17. Re1 Bd6 18. Bg5
Qxc6 19. Qh4 $44 {1-0 Babula,V-Haba,P/Zlin(4) 1995 (46)}) 10... Nxf6 11. Bc2
$14 {[%cal Gc2a4]}) 10. Bf4 ({Or} 10. Qe2 {[%cal Gf1d1]} O-O 11. Nxf6+ Nxf6 12.
Bg5 Qc7 13. Rfe1 Rad8 14. Rad1 Rfe8 15. Ne5 $14 {1-0 Summerscale,A-Kelly,B/
Lichfield ENG 2000/The Week in Chess 297 (21)}) 10... O-O (10... Nxe4 11. Bxe4
Nf6 12. Bc2 O-O 13. Qe2 Qd7 14. Rad1 Rad8 15. a3 Qc8 16. Rfe1 $14 {1-0
Eperjesi,L-Turzo,A/Budapest FS11 IM-B 1995 (39)}) 11. Nxf6+ Nxf6 12. Qe2 c5 $5
{Planning promotion.} (12... b5 $5 13. c5 $14 {[%csl Rb7,Gc5]} (13. cxb5 $140
cxb5 14. Bxb5 Bxf3 15. Qxf3 Qxd4 16. b3 Nd5 $11)) 13. Rad1 (13. dxc5 $14) 13...
cxd4 14. Nxd4 Qe8 (14... Qc8 15. Bc2 $14 (15. Be5 $14)) 15. Be5 Nd7 16. Bg3 a6
(16... Rd8 17. Bc2 Nc5 18. Rfe1 Bf6 19. Qh5 g6 20. Qg4 $14) 17. Bc2 Nf6 18. a3
Bc5 $2 $16 {The first inaccuracy.} ({Good was} 18... Rd8 19. Be5 Nd7 20. Bc7
Rc8 21. Qd3 $1 {[%csl Rh7][%cal Gc2h7]} (21. Nxe6 $6 Nf6 $1 (21... fxe6 22.
Qxe6+ Qf7 23. Qxd7 Bxa3 24. Qh3 $18) 22. Nxf8 Qc6 23. f4 (23. f3 Rxc7 24. Nxh7
Nxh7 25. Rfe1 Nf6 26. b4 a5 $132) 23... Rxc7 24. Nxh7 Nxh7 25. Rfe1 Nf6 $132)
21... Nf6 22. Bxb6 Be4 23. Qe2 Bxc2 24. Qxc2 Nd7 25. Ba5 Ne5 26. b3 Bxa3 $14)
19. b4 $1 Bxd4 (19... Be7 20. Bc7 $16) 20. Rxd4 {Of course, this exchange
increase White advantage: Adding to space advantage White get pair of BB
advantage.} Qc6 {[%csl Rg2][%cal Gb7g2]} 21. f3 Rfd8 22. Qd3 Rxd4 23. Qxd4 b5 {
[%csl Gb5,Gc4,Gd5] Trying to blockade position on black squares.} (23... Rc8
24. Rd1 b5 25. c5 Nd5 26. Qe4 $16) 24. c5 {[%csl Gc5]} Qd5 (24... Nd5 25. Rc1
h6 (25... a5 26. bxa5 h6 (26... Rxa5 27. Qh4 $18 {[%csl Rd8,Rh7][%cal Gh4d8]})
27. Be5 $18 f6 28. Bd6 Rxa5 29. Qe4 $18 {[%csl Re6,Rh7]}) 26. Be5 f6 27. Bd6
Re8 $16) 25. Qc3 $1 {[%csl Rd5][%cal Gf1d1]} Bc6 26. Rd1 (26. Be5 Qc4 27. Bxf6
gxf6 28. Qxc4 (28. Qd2 Rc8 29. Be4 Bxe4 30. fxe4 Qxe4 31. Rxf6 $16) 28... bxc4
29. Rd1 $16) 26... Qg5 27. Qd3 {[%cal Gd1d8,Gc2h7]} Bd5 28. Kf2 $1 {[%csl Gg3]
[%cal Gh2h4] Unexpected move with the idea h2-h4 - Black Q restriction.} h5 29.
h4 Qh6 30. a4 $1 Nd7 $2 $18 ({After} 30... bxa4 31. Bxa4 $16 {[%csl Rh6][%cal
Gc5c6] position of Black is quite bad...}) 31. axb5 axb5 32. Qxb5 Ra2 33. Qd3
Rb2 34. c6 $1 Bxc6 35. Qc3 {[%csl Rb2,Rc6]} 1-0

[Event "Hoogovens"]
[Site "Wijk aan Zee"]
[Date "1998.01.16"]
[Round "1"]
[White "Kramnik, Vladimir"]
[Black "Piket, Jeroen"]
[Result "1-0"]
[WhiteElo "2790"]
[BlackElo "2575"]
[Annotator "Tsesarsky,I"]
[PlyCount "95"]
[EventDate "1998.01.16"]
[EventType "tourn"]
[EventRounds "13"]
[EventCountry "NED"]
[EventCategory "17"]
[SourceTitle "CBM 063"]
[Source "ChessBase"]
[SourceDate "1998.03.26"]
[SourceVersion "1"]
[SourceVersionDate "1998.03.26"]
[SourceQuality "1"]

1. Nf3 {Lutz} d5 2. d4 c6 3. c4 e6 4. Qc2 Nf6 5. e3 Nbd7 6. Nc3 Bd6 7. Bd3 O-O
8. O-O dxc4 9. Bxc4 a6 10. Rd1 b5 11. Be2 Qc7 (11... c5 12. dxc5 Bxc5 (12...
Nxc5 $2 13. b4 $16) 13. Ne4 Be7 (13... Nxe4 14. Qxe4 Ra7 (14... Qc7 $2 15. b4
Bb6 16. Bb2 Bb7 17. Qg4 $16) 15. b4 Bb7 (15... Qf6 16. Rb1 Bb7 17. Qc2 Bxf3 18.
Bxf3 Be7 19. Bb2 $16) 16. Qf4 Bxf3 (16... Be7 $2 17. Ne5 Bd5 18. Rxd5 exd5 19.
Nc6 $16) 17. Bxf3 $14 {1/2-1/2 Dautov,R-Luther,T/Bad Zwesten 1997 (38)}) (13...
Qb6 14. Nxc5 Nxc5 15. b3 Bb7 16. Bb2 $14 {0-1 Bukic,E-Atalik,S/It, Ljubljana
SLO 1997 (57)}) 14. Ne5 Nd5 15. Nc6 Qe8 16. Nxe7+ (16. Nc3 Nxc3 17. Nxe7+ Qxe7
18. Qxc3 (18. bxc3 Nb6 19. a4 Nxa4 20. Ba3 Nc5 21. Bxb5 $1 Bb7 (21... axb5 22.
Bxc5 $18) 22. Rd7 $1 Qg5 (22... Be4 23. Rxe7 Bxc2 24. Be2 Bd3 (24... Rfc8 25.
Bxc5 Rxc5 26. Rxa6 $16) (24... Ne4 25. Bb4 $16) 25. Bf3 Rac8 26. Bb4 Nb3 27.
Ra3 a5 $11) 23. f4 Be4 $1 24. Qd2 Qh4 25. Bxc5 axb5 $11) 18... Bb7 19. Bd2 (19.
Qc7 Bd5 20. e4 Rfc8 21. Qf4 Bb7 22. b3 Qf6 $11) 19... Rfc8 20. Qd4 e5 21. Bb4 {
1/2-1/2 Khalifman,A-Anand,V/FIDE WCh KO 1997}) 16... Qxe7 17. Qc6 Rb8 18. Qd6
Qh4 19. Rd4 Rb6 20. Qa3 $14) 12. Ne4 (12. e4 e5 13. g3 Re8 14. a3 Bb7 15. Bg5 (
15. dxe5 Nxe5 16. Bg5 Nxf3+ 17. Bxf3 Qe7 18. Rd3 Be5 19. Rad1 Rad8 20. Rxd8
Rxd8 21. Rxd8+ Qxd8 22. Be3 a5 $132) 15... exd4 16. Nxd4 Be5 17. Nf5 c5 18. Nd5
Nxd5 19. exd5 f6 20. Be3 g6 21. Nh6+ Kg7 22. Ng4 Bd6 $132 {1/2-1/2 Khalifman,
A-Anand,V/FIDE WCh KO 1997 (35)}) 12... Nxe4 13. Qxe4 e5 (13... Bb7 14. Qh4 c5
15. Bd2 Rad8 $132 (15... Qd8 $4 16. Qxd8 Rfxd8 17. Ba5 $18 {1-0 Thorsteinsson,
T-Faldt,M/Stockholm GP 1992 (34)})) 14. Qh4 h6 $5 (14... Re8 $5 15. Bd3 (15.
Bd2 e4 16. Ne1 (16. Ng5 Nf6 $15) 16... Re6 $1 $132) 15... h6 16. Bc2 (16. Bd2
Bb7 17. Rac1 c5 18. dxc5 Nxc5 19. b4 e4 20. bxc5 Be7 21. Qh5 exd3 (21... exf3
22. c6 Bc8 23. Qxf3 $16) 22. c6 Bc8 23. Bc3 Ba3 24. Be5 Rxe5 25. Nxe5 Bxc1 26.
Rxc1 d2 27. Rd1 Be6 28. Rxd2 Rd8 (28... f6 29. Nd7 (29. Ng6 Kh7 30. Nf4 Qxc6
31. h3 (31. Qd1 Rc8 32. h3 Bf5 $132) 31... Rc8 32. Qg6+ Kh8 $132) 29... Qxc6
30. Nxf6+ gxf6 31. Qg6+ Kf8 32. Qxf6+ Ke8 33. h3 Qc1+ 34. Kh2 Qxd2 35. Qxe6+
Kf8 36. Qf6+ (36. Qxh6+ Ke7 37. Qg7+ Kd6 38. Qf6+ Kc5 $17) 36... Kg8 37. Qg6+
Kf8 38. Qf6+ $11) 29. Nd7 $14) 16... exd4 17. Qxd4 Bf8 18. b3 Nf6 19. Qh4 g5
20. Qg3 (20. Nxg5 $2 Qe5 $1 21. Nxf7 Qxa1 22. Nxh6+ Bxh6 23. Qxh6 Ra7 $17)
20... Qxg3 21. hxg3 c5 22. Bb2 Bg7 23. Rd6 Be6 24. Rad1 Rec8 25. Bxf6 Bxf6 26.
Be4 Ra7 27. Bd5 Bxd5 28. R1xd5 Kg7 29. Rd2 Be7 30. Rb6 $132 {1/2-1/2 Karpov,
A-Anand,V/FIDE WCh KO 1998 (55)}) (14... Re8 {Lutz Karpov,A-Anand,V (FIDE Wch
1998)}) 15. Bd2 Re8 $5 (15... Bb7 16. Rac1 exd4 $1 17. Nxd4 c5 18. Nf5 Be5 19.
Bc3 (19. Ba5 $2 Qxa5 20. Rxd7 Bc8 21. Ne7+ Kh8 22. Nc6 Qxa2 (22... Bf6 23. Nxa5
(23. Qxf6 gxf6 24. Nxa5 Bxd7 25. Rxc5 Rfc8 $17) 23... Bxh4 24. Rdd1 c4 25. Bf3
Ra7 $132) 23. Rd8 Be6 24. Rxf8+ Rxf8 25. Nxe5 Qxb2 $19) 19... Rad8 (19... Nf6
$6 20. Bd4 $1 c4 (20... Bxd4 21. exd4 c4 22. Nxh6+ $16) 21. b3 Bd5 22. f4 Bxd4
23. exd4 Rae8 24. bxc4 bxc4 25. Qg3 g6 26. Nxh6+ Kh8 (26... Kg7 27. Nf5+ Kg8
28. Ne3 $16) 27. Rc2 $16) 20. Bxe5 Qxe5 21. Qg4 Kh7 22. Nxh6 gxh6 23. Rxd7 Qxb2
24. Re1 (24. Bd3+ Kh8 25. Rb1 Qf6 26. Rxb7 Rxd3 $15) 24... Bc6 25. Rc7 Qf6 26.
Qh5 $14) (15... c5 $6 16. dxc5 (16. b4 $6 exd4 (16... c4 $1 17. Bc3 f6 (17...
Bb7 $2 18. dxe5 Nxe5 19. Rxd6 $18) 18. a4 Bb7 $132) (16... cxb4 17. Rac1 Qb8
18. dxe5 Nxe5 19. Bxb4 (19. Nxe5 Bxe5 20. Bxb4 Re8 21. Rd8 $16) 19... Bxb4 20.
Qxb4 Bg4 21. Nxe5 Bxe2 22. Nc6 (22. Nd7 Qa7 23. Nxf8 Bxd1 24. Ng6 Qd7 25. Ne5
Qd8 $132) 22... Qe8 23. Rd6 Bc4 $132) 17. bxc5 Nxc5 18. Nxd4 Re8 $132) 16...
Nxc5 17. Rac1 (17. b4 $2 Na4 18. Rac1 Qb8 19. e4 Be6 20. Qg3 Kh7 21. Rc6 Rd8
22. a3 Nb2 23. Rdc1 Nc4 $132) 17... e4 18. Nd4 $16) 16. dxe5 $5 (16. Rac1 e4
17. Ne1 Bb7 18. b4 Be7 19. Qh3 Nf6 $132) 16... Nxe5 (16... Bxe5 17. Nxe5 Nxe5
18. Bb4 $16) 17. Ba5 $5 Qb8 (17... Nxf3+ 18. Bxf3 Qxa5 (18... Bxh2+ 19. Qxh2
Qxa5 20. Bxc6 $18) 19. Rxd6 $16) 18. Rac1 Be6 (18... Bb7 19. b4 $5 (19. Bb4
Nxf3+ (19... Bxb4 20. Qxb4 a5 21. Qc5 $16) 20. Bxf3 Be5 21. Rd2 $16) 19... Ng6
20. Qh5 $16) 19. Nxe5 (19. b3 $5 Bd5 20. Nxe5 (20. Nd4 Ba3 21. Rc2 Ng6 22. Qh3
$14 (22. Qh5 Re5 23. Qh3)) 20... Bxe5 21. Bc3 Ra7 $11) 19... Bxe5 20. Rxc6 Bxb2
(20... Bxa2 21. Bg4 $1 $16) 21. Bc7 $6 (21. Bf3 $1 Bf6 22. Qh5 (22. Qb4 Ra7 23.
Bb6 (23. a3 $1 Be5 (23... Bf5 24. h3 $14) (23... Rc8 24. Qc5 Be7 25. Rxc8+ Bxc8
26. Qc6 $18) 24. h3 $14) 23... Rd7 24. Rxd7 Bxd7 25. Bc7 Qc8 26. Rc1 Be6 27.
Qa3 Bc4 $132) 22... Ra7 23. Rdd6 Rc8 $132) 21... Qb7 $2 (21... Qa7 $1 22. Bf3 (
22. Qb4 Rac8 23. Qa5 $5 (23. Bb6 Qb7 24. Rxc8 Rxc8 25. Qxb2 Qxb6 $15) (23. Qxb2
Rxc7 24. Rcd6 Rd7 $11) 23... Be5 $1 (23... Qb7 24. Bf3 Bg4 25. Rb6 Qxc7 26.
Bxg4 Rcd8 27. Rxb5 $1 $16) 24. Bxb5 (24. Rdc1 Bd5 (24... Bxc7 25. Rxc7 Rxc7 26.
Rxc7 Qb8 27. Rc1 Qd6 28. Rd1 Qc6 29. Bf3 Qc8 $14) 25. R6c5 Bxc7 26. Rxc7 Qa8
$11) 24... Bxc7 25. Rxc7 Qxc7 26. Qxc7 Rxc7 27. Bxe8 Bxa2 $11) (22. a4 Bf6 23.
Qb4 Be7 (23... bxa4 24. Qxa4 a5 25. Bf3 Rac8 26. Rd2 $16) 24. Bd6 a5 25. Qd2 (
25. Qxb5 Bd7 26. Bc7 (26. Bf3 Bxd6 27. Rdxd6 Bxc6 28. Bxc6 Rad8 $17) 26... Bxc6
27. Qxc6 Bh4 $1 28. Bg4 Rac8 29. Rc1 (29. Rd7 Bxf2+ $19) 29... Bxf2+ 30. Kxf2
Qxe3+ 31. Kf1 Qd3+ 32. Kg1 Qd4+ $19) 25... Bxd6 26. Rxd6 bxa4 $11 (26... b4 27.
Bb5 $132)) 22... Rac8 (22... Bf6 23. Qg3 Rac8 24. Bb6 Qb8 $8 (24... Qe7 25. Bc5
$18) 25. Qxb8 Rxb8 26. Bd4 Bxd4 (26... a5 27. Bxf6 gxf6 28. Ra6 $14) 27. exd4
Bxa2 28. Rxa6 Bc4 $11) 23. Qg3 Kh8 24. Qf4 Bf6 $11) 22. Bf3 $16 Rac8 (22... Qa7
23. Bb6 Qe7 (23... Qb8 24. Rcd6 Bf6 25. Qg3 $18) 24. Qxe7 Rxe7 25. Rxe6 $5 (25.
Rc2 $1 Rb8 $8 26. Bd8 $1 $16 (26. Rxb2 Rxb6 27. Rd8+ Kh7 $132)) 25... Rxe6 26.
Bxa8 Rxb6 27. Rd7 Ba3 28. Bd5 Rd6 (28... Rf6 29. h4 h5 30. g3 g6 31. Kg2 Kg7
32. e4 Bc5 33. f4 $18) 29. Bxf7+ Kf8 30. Rxd6 Bxd6 31. Bg6 (31. Bd5 g5 32. g3
g4 33. Be6 h5 34. h3 gxh3 (34... Ke7 35. Bc8 gxh3 36. Bxa6 $18) 35. Bxh3 Kg7
36. f4 b4 37. Kf2 a5 38. Bd7 Kf6 39. e4 Ke7 40. Ba4 h4 41. e5 $18) 31... Ke7
32. f4 Kf6 33. Bd3 g5 34. g3 $16) 23. Qb4 Be5 $2 (23... Bf6 24. Rxe6 Qxc7 25.
Rxa6 Be5 26. g3 $16) 24. Rcc1 $18 Qxc7 $8 25. Rxc7 Rxc7 (25... Bxc7 26. Bb7 $18
) 26. Qa5 Rc2 27. Qxa6 Rb8 (27... Rb2 28. a3 $18) (27... Rxa2 $2 28. Qxb5 $18)
28. Be4 (28. a3 $18) 28... Rc4 (28... Rxa2 {Lutz} 29. Qxb5 $18) 29. Bd3 Ra4 30.
Qc6 g6 (30... Rxa2 31. Bxb5 Bf6 32. Bd3 $18) (30... Rxa2 $142 {Lutz}) 31. f4
Bf6 32. f5 $1 (32. Bxg6 $2 Rc4 33. Qa6 Ra4 34. Qd6 Rd8 35. Qxd8+ Bxd8 36. Rxd8+
Kg7 37. Bd3 (37. Bb1 Bxa2) 37... b4 38. Rd4 Bxa2 39. Bb5 Ra3 40. Rxb4 Rxe3 $14)
32... gxf5 33. Bxf5 Bxf5 34. Qxf6 Bg6 35. Rd2 Re4 36. h3 (36. Kf2 $18) 36...
Rbe8 37. Qb6 b4 (37... Rxe3 38. Qxb5 $18) 38. Rd4 Rxe3 39. Qxb4 h5 40. a4 Re1+
41. Kh2 Ra1 42. Qb2 Rb1 43. Qa3 Kh7 44. a5 Ree1 45. Qf8 Rh1+ 46. Kg3 Rb5 (46...
Rhd1 47. Rxd1 Rxd1 48. a6 Ra1 49. Qa8 $18) 47. Rd8 Rg5+ 48. Kf2 1-0